[Event "Open Letni Praha 2017 - A"]
[Site "?"]
[Date "2017.08.11"]
[Round "9"]
[White "Yagupov, Igor"]
[Black "Urtnasan, Nasanjargal"]
[Result "0-1"]
[WhiteElo "2395"]
[BlackElo "2419"]
[PlyCount "74"]
[EventDate "2017.??.??"]
[WhiteClock "0:27:26"]
[BlackClock "0:11:44"]

1. e4 c5 2. Nf3 d6 3. d4 cxd4 4. Nxd4 Nf6 5. Nc3 a6 6. f3 e5 7. Nb3 Be6 8. Be3
h5 9. Qd2 Nbd7 10. Nd5 Bxd5 11. exd5 Qc7 12. c4 a5 13. Rc1 b6 14. Be2 g6 15.
O-O Bg7 16. Na1 O-O 17. Nc2 Nc5 18. Na3 h4 19. Nb5 Qd7 20. h3 Nh5 21. Bg5 Ng3
22. Rfd1 e4 23. Bxh4 Nf5 24. Bg5 Rae8 25. Bf4 e3 26. Qc2 Qd8 27. Kh2 Qf6 28. g4
Nh4 29. Bxd6 Ne4 30. Bc7 Re5 31. Kh1 Nf2+ 32. Kg1 Qf4 33. Bxe5 Bxe5 34. Kf1 Qh2
35. Bd3 Qh1+ 36. Ke2 Qxf3+ 37. Ke1 Ng2+ 0-1

[Event "Open Letni Praha 2017 - A"]
[Site "?"]
[Date "2017.08.11"]
[Round "9"]
[White "Iordachescu, Viorel"]
[Black "Domogaev, Sergey"]
[Result "1-0"]
[WhiteElo "2581"]
[BlackElo "2400"]
[PlyCount "75"]
[EventDate "2017.??.??"]
[WhiteClock "0:12:01"]
[BlackClock "0:00:52"]

1. Nf3 Nf6 2. g3 g6 3. Bg2 Bg7 4. d4 O-O 5. O-O d6 6. b3 c5 7. Bb2 cxd4 8. Nxd4
d5 9. c4 dxc4 10. bxc4 Qb6 11. Qb3 Nfd7 12. e3 Na6 13. Nc3 e6 14. Rab1 Nac5 15.
Qc2 Qa5 16. Nb3 Nxb3 17. axb3 Ne5 18. Rfd1 Nc6 19. Ra1 Qh5 20. Ne4 e5 21. Ba3
Bg4 22. Bxf8 Rxf8 23. Rf1 Be2 24. Rfe1 Bg4 25. c5 h6 26. Qc4 Kh7 27. Nd6 e4 28.
Qxe4 Bxa1 29. Rxa1 Qxc5 30. Nxb7 Qc3 31. Qa4 Ne5 32. Nd6 Rd8 33. Nb5 Qb2 34.
Nd4 Rc8 35. h3 Nd3 36. Ra2 Qb1+ 37. Kh2 Bd1 38. Ra1 1-0

[Event "Open Letni Praha 2017 - A"]
[Site "?"]
[Date "2017.08.11"]
[Round "9"]
[White "Vichnar, David"]
[Black "Xiu, Deshun"]
[Result "1-0"]
[WhiteElo "2428"]
[BlackElo "2532"]
[PlyCount "91"]
[EventDate "2017.??.??"]
[WhiteClock "1:00:55"]
[BlackClock "0:30:02"]

1. d4 Nf6 2. c4 e6 3. g3 d5 4. Nf3 dxc4 5. Bg2 Bd7 6. Ne5 Bc6 7. Nxc6 Nxc6 8.
e3 Qd7 9. O-O Rd8 10. Qa4 Nb4 11. Qxd7+ Rxd7 12. Na3 c5 13. Rd1 cxd4 14. Rxd4
Rxd4 15. exd4 Nfd5 16. Bd2 Be7 17. Nxc4 O-O 18. Ne3 Bf6 19. Rd1 Rd8 20. a3 Nc6
21. Nxd5 exd5 22. Be3 h5 23. b4 Ne7 24. Rc1 Nc6 25. Rd1 Ne7 26. Rc1 Nc6 27. Rc5
Bxd4 28. Rxd5 Bxe3 29. Rxd8+ Nxd8 30. fxe3 g6 31. Kf2 Kg7 32. Kf3 Kf6 33. Ke4
Ke6 34. Kd4 Kd6 35. Kc4 b6 36. Kb5 Kc7 37. Ka6 Kb8 38. Bd5 Ne6 39. Bxe6 fxe6
40. h4 Ka8 41. e4 Kb8 42. e5 Ka8 43. a4 Kb8 44. a5 bxa5 45. Kxa5 Kc7 46. Ka6
1-0

[Event "Open Letni Praha 2017 - A"]
[Site "?"]
[Date "2017.08.11"]
[Round "9"]
[White "Lin, Chen"]
[Black "Neuman, Petr"]
[Result "1-0"]
[WhiteElo "2450"]
[BlackElo "2457"]
[PlyCount "51"]
[EventDate "2017.??.??"]
[WhiteClock "0:49:16"]
[BlackClock "0:16:44"]

1. e4 c5 2. Nf3 Nc6 3. Nc3 g6 4. d4 cxd4 5. Nxd4 Bg7 6. Nb3 Nf6 7. Be2 O-O 8.
O-O d6 9. Re1 Be6 10. Bg5 h6 11. Bh4 g5 12. Bg3 d5 13. Nc5 d4 14. Nb5 Bc8 15.
c3 b6 16. Nb3 dxc3 17. Nxc3 Be6 18. Bb5 Bxb3 19. axb3 Qxd1 20. Rexd1 Nb4 21.
Ra4 a5 22. Bc7 Rab8 23. Bxb8 Rxb8 24. Raa1 e6 25. f3 Bf8 26. Na4 1-0

[Event "Open Letni Praha 2017 - A"]
[Site "?"]
[Date "2017.08.11"]
[Round "9"]
[White "Kraus, Tomas"]
[Black "Egorov, Pavel"]
[Result "1-0"]
[WhiteElo "2424"]
[BlackElo "2205"]
[PlyCount "53"]
[EventDate "2017.??.??"]
[WhiteClock "0:11:32"]
[BlackClock "0:01:20"]

1. e4 c5 2. c4 Nc6 3. Ne2 e5 4. Nbc3 Nf6 5. g3 d6 6. Bg2 h5 7. h3 Be7 8. f4 Be6
9. d3 g6 10. Nd5 Qd7 11. Nxe7 Nxe7 12. Nc3 O-O-O 13. a3 Nc6 14. b4 h4 15. g4
Nxg4 16. hxg4 Bxg4 17. Qxg4 Qxg4 18. Bh3 f5 19. Bxg4 fxg4 20. Nd5 Rdf8 21. O-O
h3 22. b5 g3 23. bxc6 g2 24. Re1 bxc6 25. Ne7+ Kc7 26. Nxg6 exf4 27. Bxf4 1-0

[Event "Open Letni Praha 2017 - A"]
[Site "?"]
[Date "2017.08.11"]
[Round "9"]
[White "Soural, Jan"]
[Black "Plischki, Sebastian"]
[Result "0-1"]
[WhiteElo "2163"]
[BlackElo "2383"]
[PlyCount "80"]
[EventDate "2017.??.??"]
[WhiteClock "0:00:37"]
[BlackClock "0:23:38"]

1. d4 Nf6 2. c4 e6 3. Nc3 Bb4 4. Bg5 c5 5. d5 d6 6. e3 Bxc3+ 7. bxc3 Qe7 8. Bd3
Nbd7 9. Nf3 h6 10. Bh4 e5 11. Nd2 g5 12. Bg3 e4 13. Bc2 Kd8 14. h4 Re8 15. hxg5
hxg5 16. Qb1 Kc7 17. a4 Ne5 18. Nxe4 Nxe4 19. Bxe4 Nxc4 20. Bd3 Nxe3 21. Kd2
Nxd5 22. Qb5 Nf4 23. Bxf4 gxf4 24. Rab1 Kd8 25. Rhe1 Be6 26. Be4 Rb8 27. Bxb7
Qc7 28. Qa6 Re7 29. Bf3 Bc8 30. Rxe7 Bxa6 31. Rxc7 Kxc7 32. Re1 Rb2+ 33. Kc1
Rxf2 34. Re7+ Kb6 35. Rxf7 Bf1 36. a5+ Kxa5 37. Rxa7+ Kb5 38. Rf7 Kc4 39. Rxf4+
Kxc3 40. Rg4 Bd3 0-1

[Event "Open Letni Praha 2017 - A"]
[Site "?"]
[Date "2017.08.11"]
[Round "9"]
[White "Saiyn, Zhanat"]
[Black "Nitish, Belurkar"]
[Result "1/2-1/2"]
[WhiteElo "2381"]
[BlackElo "2269"]
[PlyCount "51"]
[EventDate "2017.??.??"]
[WhiteClock "0:42:43"]
[BlackClock "0:09:57"]

1. d4 d5 2. Nf3 Nf6 3. c4 c6 4. e3 a6 5. Nc3 b5 6. cxd5 cxd5 7. Ne5 Nbd7 8. f4
e6 9. Bd3 Bd6 10. O-O Bb7 11. Qf3 Rc8 12. a3 O-O 13. Bd2 Ba8 14. Be1 Ne8 15.
Qh3 g6 16. Rc1 Be7 17. Qh6 f5 18. Rf3 Nxe5 19. fxe5 Bg5 20. Qh3 Bb7 21. Bd2 Ng7
22. Rff1 Qd7 23. Qg3 Be7 24. Ne2 Rxc1 25. Rxc1 Rc8 26. Qe1 1/2-1/2

[Event "Open Letni Praha 2017 - A"]
[Site "?"]
[Date "2017.08.11"]
[Round "9"]
[White "Lamorelle, Julien"]
[Black "Slovak, Kilian"]
[Result "1/2-1/2"]
[WhiteElo "2358"]
[BlackElo "2101"]
[PlyCount "81"]
[EventDate "2017.??.??"]
[WhiteClock "0:01:36"]
[BlackClock "0:09:17"]

1. e4 c5 2. Nf3 Nc6 3. d4 cxd4 4. Nxd4 Nf6 5. Nc3 e5 6. Ndb5 d6 7. Bg5 a6 8.
Na3 b5 9. Bxf6 gxf6 10. Nd5 f5 11. Bd3 Be6 12. O-O Bxd5 13. exd5 Ne7 14. c3 Bg7
15. Re1 O-O 16. Nc2 e4 17. Bf1 Qc8 18. Qd2 Re8 19. Rad1 Ng6 20. f4 exf3 21.
Rxe8+ Qxe8 22. gxf3 Qe7 23. Bd3 Kh8 24. Kh1 Rg8 25. Ne3 f4 26. Nf5 Qe5 27. Nxg7
Rxg7 28. Bxg6 hxg6 29. Re1 Qf5 30. Qd4 g5 31. Re8+ Kh7 32. Qe4 Kg6 33. Kg2 Qxe4
34. Rxe4 Kf5 35. Re7 g4 36. fxg4+ Kxg4 37. h3+ Kf5+ 38. Kf2 Rh7 39. Kg2 Rg7+
40. Kf2 Rh7 41. Kg2 1/2-1/2

[Event "Open Letni Praha 2017 - A"]
[Site "?"]
[Date "2017.08.11"]
[Round "9"]
[White "Gokhale, Chandrashekhar"]
[Black "Chernyshov, Konstantin"]
[Result "0-1"]
[WhiteElo "2197"]
[BlackElo "2496"]
[PlyCount "74"]
[EventDate "2017.??.??"]
[WhiteClock "0:15:53"]
[BlackClock "0:34:56"]

1. Nf3 Nf6 2. g3 d5 3. Bg2 c5 4. d3 Nc6 5. Nbd2 g6 6. O-O Bg7 7. e4 O-O 8. c3
Bg4 9. Qc2 Qd7 10. Re1 b6 11. a4 Rac8 12. exd5 Nxd5 13. Nc4 Rfd8 14. Nfe5 Nxe5
15. Nxe5 Qe6 16. f4 Bf5 17. Qf2 Qd6 18. g4 Be6 19. h3 f6 20. Nc4 Qd7 21. f5 Bf7
22. Be4 e6 23. Rf1 exf5 24. gxf5 g5 25. h4 h6 26. Qh2 Qc7 27. Rf2 Qxh2+ 28.
Rxh2 Rc7 29. Na3 Bf8 30. Rg2 Rcd7 31. Nc2 Bd6 32. c4 Nf4 33. Bxf4 Bxf4 34. Re1
Rxd3 35. Bxd3 Rxd3 36. Re7 Bxc4 37. Rxa7 Rd1+ 0-1

[Event "Open Letni Praha 2017 - A"]
[Site "?"]
[Date "2017.08.11"]
[Round "9"]
[White "Campora, Daniel"]
[Black "Mukashev, Assan"]
[Result "1/2-1/2"]
[WhiteElo "2436"]
[BlackElo "2199"]
[PlyCount "84"]
[EventDate "2017.??.??"]
[WhiteClock "0:10:40"]
[BlackClock "0:22:37"]

1. e4 e6 2. d4 d5 3. Nd2 Nf6 4. Bd3 c5 5. e5 Nfd7 6. c3 Nc6 7. Ne2 Qb6 8. Nf3
cxd4 9. cxd4 f6 10. exf6 Nxf6 11. O-O Bd6 12. Nc3 O-O 13. Be3 Qxb2 14. Nb5 Bb8
15. Rb1 Qxa2 16. Ra1 Qb2 17. Ra4 a6 18. Bc1 axb5 19. Rxa8 Qc3 20. Bxb5 Bd7 21.
Ra3 Qb4 22. Rb3 Qa5 23. Bb2 Ne4 24. Qe2 Qc7 25. g3 Na5 26. Bxd7 Qxd7 27. Rd3
Nc4 28. Ne5 Bxe5 29. dxe5 Qc7 30. f3 Nc5 31. Rdd1 b5 32. Kg2 b4 33. Bd4 Nb3 34.
Bg1 Ra8 35. f4 g6 36. Kh3 Nba5 37. Qg4 Qf7 38. f5 Nxe5 39. Qe2 Nac4 40. Bd4
exf5 41. Bxe5 Re8 42. Qd3 Rxe5 1/2-1/2

[Event "Open Letni Praha 2017 - A"]
[Site "?"]
[Date "2017.08.11"]
[Round "9"]
[White "Hoefelsauer, Thomas"]
[Black "Toman, Ondrej"]
[Result "1/2-1/2"]
[WhiteElo "2357"]
[BlackElo "2187"]
[PlyCount "128"]
[EventDate "2017.??.??"]
[WhiteClock "0:09:01"]
[BlackClock "0:03:10"]

1. Nf3 Nf6 2. c4 e6 3. g3 d5 4. Bg2 dxc4 5. O-O c5 6. Na3 Be7 7. Nxc4 O-O 8. d4
Nc6 9. dxc5 Bxc5 10. Qxd8 Rxd8 11. Bf4 Nd5 12. Rfd1 b5 13. Nce5 Nxe5 14. Bxe5
Bb7 15. Rac1 Bb6 16. Bd4 h6 17. Ne5 Rac8 18. Bxb6 axb6 19. e3 b4 20. Nd3 b3 21.
axb3 Rxc1 22. Rxc1 Nf6 23. Bxb7 Rxd3 24. Rc3 Rd1+ 25. Kg2 Rd2 26. Rc6 Ng4 27.
Rxb6 Rxf2+ 28. Kg1 Rxb2 29. b4 Rb1+ 30. Kg2 Rb2+ 31. Kg1 Nxe3 32. Bc6 Nd5 33.
Rb8+ Kh7 34. b5 Kg6 35. Rd8 Nb6 36. h3 Kf6 37. Rb8 Nc4 38. Bf3 Ke5 39. Bg2 f5
40. Bf1 Ne3 41. Bd3 Rg2+ 42. Kh1 Rd2 43. Rd8 Nc4 44. Kg1 Nd6 45. Bf1 Ne4 46.
Rxd2 Nxd2 47. b6 Kd6 48. Bb5 Ne4 49. Kg2 Nc5 50. h4 g5 51. hxg5 hxg5 52. Kf3 e5
53. Be8 Ne6 54. Ke3 Ng7 55. Bg6 g4 56. Kd3 Kc6 57. Kc4 f4 58. Be4+ Kxb6 59. Kd5
Nh5 60. Kxe5 f3 61. Kf5 f2 62. Bg2 Nxg3+ 63. Kxg4 f1=N 64. Bxf1 Nxf1 1/2-1/2

[Event "Open Letni Praha 2017 - A"]
[Site "?"]
[Date "2017.08.11"]
[Round "9"]
[White "Aliyev, Ravan"]
[Black "Egorov, Konstantin"]
[Result "1-0"]
[WhiteElo "2346"]
[BlackElo "2180"]
[PlyCount "99"]
[EventDate "2017.??.??"]
[WhiteClock "0:20:04"]
[BlackClock "0:21:11"]

1. d4 Nf6 2. c4 e6 3. Nf3 b6 4. a3 Ba6 5. Qc2 d5 6. cxd5 exd5 7. Bg5 Be7 8. Nc3
O-O 9. Bxf6 Bxf6 10. e3 Bb7 11. Bd3 h6 12. O-O Nd7 13. Rfd1 Rc8 14. Qe2 c5 15.
Ba6 Qc7 16. Bxb7 Qxb7 17. dxc5 Bxc3 18. bxc3 Rxc5 19. Nd4 Nf6 20. Nf5 Qc7 21.
Nd4 Rc8 22. Nb5 Qe7 23. a4 Rc4 24. h3 a6 25. Nd4 g6 26. Rdb1 Qd6 27. Rb3 Ne4
28. Qb2 Rb8 29. Rb1 Rxa4 30. f3 Ng5 31. Rxb6 Nxh3+ 32. gxh3 Rxb6 33. Qxb6 Qg3+
34. Kf1 Kh7 35. Qf6 Qc7 36. Qc6 Qxc6 37. Nxc6 Rc4 38. Nb4 Rxc3 39. Nxd5 Rd3 40.
Nf6+ Kg7 41. Ke2 Ra3 42. Ne4 Ra2+ 43. Nd2 g5 44. Rb6 Ra1 45. Nc4 Rh1 46. Nd6
Rxh3 47. Nf5+ Kh7 48. Rxa6 h5 49. Kf2 Rh2+ 50. Kg3 1-0

[Event "Open Letni Praha 2017 - A"]
[Site "?"]
[Date "2017.08.11"]
[Round "9"]
[White "Yuan, Ye"]
[Black "Kulkarni, Bhakti"]
[Result "1/2-1/2"]
[WhiteElo "2197"]
[BlackElo "2291"]
[PlyCount "73"]
[EventDate "2017.??.??"]
[WhiteClock "0:01:23"]
[BlackClock "0:07:38"]

1. d4 Nf6 2. c4 c5 3. d5 b5 4. cxb5 a6 5. bxa6 g6 6. Nc3 Bxa6 7. e4 Bxf1 8.
Kxf1 d6 9. g3 Bg7 10. Kg2 Nbd7 11. Nf3 O-O 12. a4 Ra6 13. Qe2 Qa8 14. Ra3 e6
15. dxe6 fxe6 16. Re1 d5 17. exd5 exd5 18. Nb5 Rc6 19. Bf4 Re8 20. Qd2 Rxe1 21.
Qxe1 Nh5 22. Bd6 Nf8 23. Ne5 Rc8 24. f3 Nf6 25. Qe2 Qa6 26. Nd3 c4 27. Nb4 Qb6
28. Re3 d4 29. Re7 d3 30. Rxg7+ Kxg7 31. Qe7+ Kg8 32. Qxf6 Qe3 33. Nd5 Qd2+ 34.
Kh3 Qh6+ 35. Kg2 Qd2+ 36. Kh3 Qh6+ 37. Kg2 1/2-1/2

[Event "Open Letni Praha 2017 - A"]
[Site "?"]
[Date "2017.08.11"]
[Round "9"]
[White "Matras, Ondrej"]
[Black "Richterova, Natasa"]
[Result "1-0"]
[WhiteElo "2264"]
[BlackElo "2172"]
[PlyCount "83"]
[EventDate "2017.??.??"]
[WhiteClock "0:27:16"]
[BlackClock "0:29:37"]

1. d4 d5 2. c4 e6 3. Nc3 Bb4 4. Nf3 dxc4 5. g3 b5 6. a4 c6 7. Bg2 Bb7 8. O-O a6
9. Qc2 Nf6 10. Bg5 Be7 11. e4 h6 12. Be3 O-O 13. h3 Nbd7 14. Rfd1 Qc7 15. Bf4
Qc8 16. g4 Nb6 17. g5 hxg5 18. Bxg5 Re8 19. a5 Nbd7 20. e5 Nd5 21. Bxe7 Nxe7
22. Ne4 Nf5 23. Nfg5 Nf8 24. Nc5 Rb8 25. Be4 g6 26. Qe2 Qd8 27. Qg4 Qe7 28.
Bxf5 exf5 29. Qh4 f6 30. exf6 Qxf6 31. Re1 Re7 32. Rxe7 Qxe7 33. Qf4 Re8 34.
Nf3 Ne6 35. Nxe6 Qxe6 36. Re1 Qf7 37. Rxe8+ Qxe8 38. Qc7 Qe4 39. Ng5 Qe1+ 40.
Kg2 Qe8 41. Qxb7 f4 42. Kf3 1-0

[Event "Open Letni Praha 2017 - A"]
[Site "?"]
[Date "2017.08.11"]
[Round "9"]
[White "Pauly, Carlo"]
[Black "Tatarintsev, Egor"]
[Result "1-0"]
[WhiteElo "2261"]
[BlackElo "2126"]
[PlyCount "69"]
[EventDate "2017.??.??"]
[WhiteClock "0:23:25"]
[BlackClock "0:24:48"]

1. c4 b6 2. Nc3 e6 3. Nf3 Bb7 4. e4 Bb4 5. Qc2 Ne7 6. d4 f5 7. Bd3 O-O 8. Bd2
d6 9. O-O-O h6 10. exf5 exf5 11. d5 Bc5 12. Nb5 c6 13. Nbd4 Qd7 14. Ne6 Rf7 15.
b4 cxd5 16. Nf4 dxc4 17. Bxc4 d5 18. Ne5 Qc7 19. Nxf7 Bxb4 20. Nxd5 Ba3+ 21.
Kb1 Nxd5 22. Nxh6+ Kh8 23. Nxf5 Nd7 24. Qb3 Rc8 25. Qh3+ Kg8 26. Nh6+ gxh6 27.
Qe6+ Kh8 28. Qxh6+ Kg8 29. Qg6+ Kh8 30. Qh5+ Kg8 31. Bxd5+ Bxd5 32. Qxd5+ Kg7
33. Qg5+ Kh7 34. Qh5+ Kg8 35. Qg4+ 1-0

[Event "Open Letni Praha 2017 - A"]
[Site "?"]
[Date "2017.08.11"]
[Round "9"]
[White "Baasansuren, Erdene"]
[Black "Vanek, Ladislav"]
[Result "1/2-1/2"]
[WhiteElo "2169"]
[BlackElo "2235"]
[PlyCount "118"]
[EventDate "2017.??.??"]
[WhiteClock "0:05:55"]
[BlackClock "0:29:57"]

1. d4 Nf6 2. c4 c5 3. d5 e6 4. Nc3 exd5 5. cxd5 d6 6. Nf3 g6 7. g3 Bg7 8. Bg2
O-O 9. O-O Re8 10. Bf4 Nh5 11. Bg5 Bf6 12. Bxf6 Nxf6 13. Nd2 Nbd7 14. h3 a6 15.
a4 b6 16. e4 Rb8 17. Nc4 Qc7 18. Na3 Nf8 19. f4 Bd7 20. e5 dxe5 21. fxe5 Qxe5
22. Nc4 Qd4+ 23. Qxd4 cxd4 24. Rxf6 dxc3 25. bxc3 b5 26. axb5 axb5 27. Nb6 Kg7
28. Raf1 Bf5 29. Rc6 h5 30. d6 Re2 31. Bf3 Re3 32. Kf2 Rbe8 33. Rc7 Rd3 34. Bd5
Ne6 35. Re7 Rb8 36. Ke2 Rxb6 37. Bxe6 Bxe6 38. Rxe6 Rdxd6 39. Re7 Re6+ 40. Rxe6
Rxe6+ 41. Kd3 Re5 42. Kd4 f6 43. Rf3 Kf7 44. c4 bxc4 45. Kxc4 Ke6 46. Kd4 f5
47. Ra3 Re4+ 48. Kd3 Re1 49. Kd2 Re4 50. Kd3 h4 51. Ra6+ Kf7 52. g4 Re6 53. Ra4
Kf6 54. gxf5 Rd6+ 55. Ke4 gxf5+ 56. Kf4 Kg6 57. Rb4 Rd3 58. Rb6+ Kh5 59. Rb5
Kg6 1/2-1/2

[Event "Open Letni Praha 2017 - A"]
[Site "?"]
[Date "2017.08.11"]
[Round "9"]
[White "Karayev, Kanan"]
[Black "Mustafayev, Farid"]
[Result "1-0"]
[WhiteElo "2228"]
[BlackElo "2076"]
[PlyCount "65"]
[EventDate "2017.??.??"]
[WhiteClock "0:04:32"]
[BlackClock "0:05:20"]

1. d4 d5 2. Bf4 Nf6 3. e3 g6 4. c4 Bg7 5. Nc3 c6 6. h3 O-O 7. Nf3 Qa5 8. Qd2
Nbd7 9. Ne5 dxc4 10. Nxc4 Qd8 11. Be2 Nb6 12. Nxb6 axb6 13. O-O Be6 14. e4 b5
15. a3 Qb6 16. b4 Rfd8 17. Be3 Qc7 18. Rfc1 Qd7 19. Qb2 Ne8 20. Rd1 Nd6 21. a4
Nc4 22. Bxc4 Bxc4 23. a5 e6 24. Rac1 Qe7 25. Na4 e5 26. Nc5 exd4 27. Bxd4 Rxd4
28. Rxd4 b6 29. axb6 Ra2 30. b7 Be5 31. Rd8+ Kg7 32. Qxe5+ Qxe5 33. b8=Q 1-0

[Event "Open Letni Praha 2017 - A"]
[Site "?"]
[Date "2017.08.11"]
[Round "9"]
[White "Zlatin, Alex"]
[Black "Sbarra, Marco"]
[Result "1/2-1/2"]
[WhiteElo "2149"]
[BlackElo "2228"]
[PlyCount "47"]
[EventDate "2017.??.??"]
[WhiteClock "0:12:07"]
[BlackClock "0:01:20"]

1. e4 e5 2. Nf3 Nc6 3. Bc4 Nf6 4. d3 Bc5 5. c3 a6 6. Nbd2 O-O 7. Bb3 Ba7 8. h3
d6 9. Nf1 Ne7 10. Bg5 Ng6 11. Qd2 Be6 12. Ng3 h6 13. Bxh6 gxh6 14. Qxh6 Nf4 15.
Ng5 Nxd3+ 16. Kf1 Nf4 17. Rd1 c6 18. Nf5 Bxf5 19. exf5 d5 20. Nf3 Ne4 21. g3
Qf6 22. Qxf6 Nxf6 23. gxf4 exf4 24. Rg1+ 1/2-1/2

[Event "Open Letni Praha 2017 - A"]
[Site "?"]
[Date "2017.08.11"]
[Round "9"]
[White "Chkhaidze, Nikoloz"]
[Black "Bjornsson, Tomas"]
[Result "1-0"]
[WhiteElo "2341"]
[BlackElo "2169"]
[PlyCount "63"]
[EventDate "2017.??.??"]
[WhiteClock "0:35:22"]
[BlackClock "0:07:34"]

1. d4 d5 2. c4 dxc4 3. Nf3 Nf6 4. e3 e6 5. Bxc4 c5 6. O-O Nc6 7. Nc3 cxd4 8.
exd4 Be7 9. Qe2 O-O 10. Rd1 a6 11. Bb3 Qc7 12. Bg5 Na5 13. Bc2 g6 14. Rac1 Nc6
15. Bb3 Rd8 16. d5 Nxd5 17. Nxd5 exd5 18. Rxc6 bxc6 19. Qxe7 Qxe7 20. Bxe7 Re8
21. Bf6 Re6 22. Bd4 Bd7 23. Ne5 Bc8 24. f4 a5 25. Ba4 Ba6 26. Bxc6 Rd8 27. Bc3
f6 28. Rxd5 Rdd6 29. Bd7 fxe5 30. Bxe6+ Rxe6 31. fxe5 a4 32. Ra5 1-0

[Event "Open Letni Praha 2017 - A"]
[Site "?"]
[Date "2017.08.11"]
[Round "9"]
[White "Pranav, Anand"]
[Black "Petran, Peter"]
[Result "0-1"]
[WhiteElo "2155"]
[BlackElo "2308"]
[PlyCount "98"]
[EventDate "2017.??.??"]
[WhiteClock "0:30:52"]
[BlackClock "0:27:08"]

1. d4 g6 2. c4 Bg7 3. Nf3 f5 4. g3 d6 5. Nc3 c6 6. Bg2 Nh6 7. O-O O-O 8. b3 Nf7
9. Bb2 e5 10. dxe5 dxe5 11. Qc2 Qc7 12. Rad1 Re8 13. Na4 Nd7 14. Qb1 b6 15. Rc1
Rb8 16. Qa1 Nf6 17. Nd2 Nh5 18. Bf3 Bh6 19. Rc2 Ng7 20. Bg2 e4 21. e3 Ne6 22.
Nc3 Nc5 23. Rd1 a5 24. Ne2 Ne5 25. Bd4 Bg7 26. Nc1 Be6 27. Nb1 Bf7 28. Rcd2 g5
29. Rf1 Bh5 30. Kh1 Qf7 31. Rc2 Ncd7 32. Nd2 c5 33. Bc3 Bf3 34. Rg1 Qh5 35. Nf1
Re6 36. Rd2 Bf8 37. Qb2 Rbe8 38. Rd5 R8e7 39. Qd2 Rh6 40. Bxe5 Nxe5 41. Rd6
Rxd6 42. Qxd6 Ng4 43. Qd5+ Kh8 44. Nd3 Bxg2+ 45. Rxg2 exd3 46. Qxd3 Qf7 47. Qd6
Rxe3 48. Qxb6 Re1 49. Kg1 Qe7 0-1

[Event "Open Letni Praha 2017 - A"]
[Site "?"]
[Date "2017.08.11"]
[Round "9"]
[White "Hollan, Petr"]
[Black "Krivanek, Vladimir"]
[Result "1-0"]
[WhiteElo "2273"]
[BlackElo "2107"]
[PlyCount "73"]
[EventDate "2017.??.??"]
[WhiteClock "0:27:31"]
[BlackClock "0:02:36"]

1. Nf3 d6 2. e4 e5 3. d4 Nd7 4. Bc4 c6 5. O-O Be7 6. a4 Ngf6 7. Nc3 O-O 8. Re1
Ne8 9. h3 Nc7 10. Be3 Bf6 11. Qd2 Qe7 12. Rad1 Nb6 13. Bf1 Be6 14. b3 Rad8 15.
a5 Nc8 16. Na4 exd4 17. Nxd4 c5 18. Nf3 b5 19. axb6 axb6 20. Nc3 Na7 21. Nd5
Bxd5 22. exd5 Qd7 23. c4 Na6 24. Bd3 Nb4 25. Bb1 Nc8 26. Ng5 Bxg5 27. Bxg5 Rde8
28. Re3 Rxe3 29. Qxe3 f6 30. Bf4 Re8 31. Bf5 Rxe3 32. Bxd7 Re4 33. Bg3 Ne7 34.
Bxd6 Ng6 35. Be6+ Kh8 36. Ra1 h5 37. Bf5 1-0

[Event "Open Letni Praha 2017 - A"]
[Site "?"]
[Date "2017.08.11"]
[Round "9"]
[White "Schmitz, Thorsten"]
[Black "Fraczek, Dariusz"]
[Result "1-0"]
[WhiteElo "2273"]
[BlackElo "2104"]
[PlyCount "77"]
[EventDate "2017.??.??"]
[WhiteClock "0:34:37"]
[BlackClock "0:04:15"]

1. c4 Nf6 2. Nc3 g6 3. e4 d6 4. d4 Bg7 5. Nf3 O-O 6. Be2 e5 7. d5 a5 8. Bg5 h6
9. Be3 Na6 10. Nd2 Bd7 11. O-O Nh7 12. a3 f5 13. f3 f4 14. Bf2 g5 15. b4 b6 16.
c5 bxc5 17. bxc5 Nxc5 18. Bxc5 dxc5 19. Na4 Qe7 20. Rc1 Bxa4 21. Qxa4 Rfb8 22.
Nb3 Bf8 23. Nxc5 Qxc5+ 24. Rxc5 Bxc5+ 25. Kh1 Nf6 26. Bb5 Bd6 27. Qc4 a4 28. g3
Ra5 29. Bxa4 fxg3 30. hxg3 Nh5 31. Kg2 Rba8 32. Bc6 Rc5 33. Qxc5 Bxc5 34. Bxa8
Bxa3 35. Rh1 Nf6 36. Rxh6 Kg7 37. Rh1 Bd6 38. Bb7 g4 39. Bc8 1-0

[Event "Open Letni Praha 2017 - A"]
[Site "Praha"]
[Date "2017.08.11"]
[Round "9"]
[White "Sprenar, Petr"]
[Black "Haag, Martin"]
[Result "0-1"]
[WhiteElo "1999"]
[BlackElo "2263"]
[PlyCount "94"]
[EventDate "2017.08.04"]

1. d4 d5 2. c4 e6 3. Nf3 Nf6 4. g3 c5 5. cxd5 exd5 6. Bg2 Nc6 7. O-O Be7 8. Nc3
O-O 9. dxc5 Bxc5 10. Na4 Be7 11. Be3 Re8 12. Rc1 Bg4 13. Nc5 Qb6 14. Na4 Qa6
15. h3 Bxf3 16. Bxf3 Rad8 17. Bc5 Ne4 18. Bxe7 Rxe7 19. Nc5 Qb6 20. Na4 Qa5 21.
a3 Nd2 22. b4 Nxf3+ 23. exf3 Qa6 24. Rc5 Ne5 25. f4 Ng6 26. f5 Nf8 27. Ra5 Qc6
28. Rc5 Qe8 29. Nc3 d4 30. f6 Re5 31. Rxe5 Qxe5 32. fxg7 Ne6 33. Re1 Qxg7 34.
Ne4 d3 35. Re3 Qd4 36. Nd2 Qc3 37. Nb1 Qc2 38. Re1 Nd4 39. Qg4+ Kf8 40. Qe4
Ne2+ 41. Kg2 Re8 42. Qxh7 Nf4+ 43. gxf4 Rxe1 44. Qh6+ Ke8 45. Qh8+ Ke7 46. Qh4+
Kd7 47. Qg4+ Kc7 0-1

[Event "Open Letni Praha 2017 - A"]
[Site "Praha"]
[Date "2017.08.11"]
[Round "9"]
[White "Vrecion, Jiri"]
[Black "Radeva, Viktoria"]
[Result "1/2-1/2"]
[WhiteElo "1979"]
[BlackElo "2214"]
[PlyCount "79"]
[EventDate "2017.08.04"]

1. c4 e6 2. g3 Nf6 3. Bg2 d5 4. Nf3 dxc4 5. Qa4+ Nbd7 6. O-O Be7 7. Qxc4 c5 8.
d3 O-O 9. a3 Nd5 10. Nbd2 b6 11. Qc2 Bb7 12. b3 Bf6 13. Bb2 Qe7 14. Ne4 Bxb2
15. Qxb2 Rfd8 16. Rfd1 Rac8 17. Rac1 N7f6 18. Ned2 Ne8 19. Nc4 Nd6 20. Nxd6
Qxd6 21. Ne5 Qe7 22. Rc2 Nf6 23. Bxb7 Qxb7 24. Rdc1 Rd5 25. Nf3 Rcd8 26. b4
cxb4 27. Qxb4 Ne8 28. Rc4 a5 29. Qb2 b5 30. R4c3 Qb8 31. Rc5 Rxc5 32. Rxc5 Rd5
33. Rxd5 exd5 34. Nd4 b4 35. Qb3 Qe5 36. e3 bxa3 37. Qxa3 Qc7 38. Nb3 h5 39.
Qxa5 Qe5 40. Nd4 1/2-1/2

[Event "Open Letni Praha 2017 - A"]
[Site "Praha"]
[Date "2017.08.11"]
[Round "9"]
[White "Sindler, Michal"]
[Black "French, Max"]
[Result "1-0"]
[WhiteElo "2201"]
[BlackElo "1968"]
[PlyCount "23"]
[EventDate "2017.08.04"]

1. e4 c6 2. d4 d5 3. e5 c5 4. dxc5 Nc6 5. Nf3 Bg4 6. Na3 e6 7. Be3 Nge7 8. c3
Ng6 9. Bd4 Ngxe5 10. Bxe5 Nxe5 11. Qa4+ Qd7 12. Bb5 1-0

[Event "Open Letni Praha 2017 - A"]
[Site "Praha"]
[Date "2017.08.11"]
[Round "9"]
[White "Lindblom, Roar"]
[Black "Haase, Pavel"]
[Result "0-1"]
[WhiteElo "1904"]
[BlackElo "2177"]
[PlyCount "130"]
[EventDate "2017.08.04"]

1. d4 Nf6 2. c4 g6 3. Nc3 d5 4. cxd5 Nxd5 5. e4 Nxc3 6. bxc3 Bg7 7. Bc4 c5 8.
Ne2 O-O 9. O-O Nc6 10. Be3 Qa5 11. Qb3 Qc7 12. Qd1 Rd8 13. Rc1 e6 14. f4 a6 15.
a4 Rb8 16. Bd3 cxd4 17. cxd4 Qb6 18. Rb1 Qa5 19. e5 Bf8 20. Qb3 Qb4 21. Rfc1
Qxb3 22. Rxb3 Bd7 23. Be4 Na5 24. Rbc3 Bxa4 25. Rc7 Bb5 26. Nc3 Bc6 27. Ra1 Nb3
28. Rb1 Nxd4 29. Bxd4 Bxe4 30. Nxe4 Rxd4 31. Nf6+ Kg7 32. Nd7 Rd8 33. Rbxb7
Rxf4 34. h3 Be7 35. Nf6 Bxf6 36. Rxf7+ Kh6 37. Rxh7+ Kg5 38. exf6 Rd1+ 39. Kh2
Rxf6 40. Rb6 e5 41. Rb3 e4 42. Re7 Kf5 43. Re3 Rd4 44. Kg3 a5 45. Ra7 Ra4 46.
Rc3 Re6 47. Rc5+ Re5 48. Rxe5+ Kxe5 49. Kf2 Ra2+ 50. Ke3 Ra3+ 51. Ke2 a4 52.
Ra6 g5 53. Ra8 Kf4 54. Rf8+ Kg3 55. Rg8 Kxg2 56. h4 Kg3 57. hxg5 Kf4 58. g6
Ra2+ 59. Kf1 Ra1+ 60. Ke2 Kf5 61. g7 Kg6 62. Re8 Kxg7 63. Rxe4 a3 64. Kf2 a2
65. Kg2 Rb1 0-1